000
00313nam a22001337a 4500
008
230607b xxu||||| |||| 00| 0 eng d
020
_a
9966498486
082
_a
808.83
_b
MUN
100
_c
Ongoro Wa'Munga
245
_a
Sunrise at Midnight
260
_b
Longhorn Kenya Ltd
_c
1996
300
_a
357p
942
_2
ddc
_c
BK
999
_c
756
_d
756